000 00539nam a2200193Ia 4500
005 20250326141127.0
008 250326s9999 xx 000 0 und d
020 _a81-85561-53-2
037 _aTextbook
040 _aFMSL
_beng
_cFMSL
041 _aeng
_2eng
084 _aXM5:74 N7
_qFMSL
100 _aThakur J M
_9743766
245 0 _aLow and practice of mergers and acquisitions
_cThakur J M
260 _aMumbai
_bMumbai, Snow White
_c1997
300 _a607p
942 _cTB
_hXM5:74 N7
999 _c1288826
_d1288826